logo

Bir Sreshtho Munshi Abdur Rouf Library
Jhenaidah Cadet College

Hybrid microelectronics handbook / (Record no. 5718)

MARC details
000 -LEADER
fixed length control field 01410pam a2200361 a 4500
001 - CONTROL NUMBER
JCCL Control Number 5718
003 - CONTROL NUMBER IDENTIFIER
JCCL marc code BD-JhCC
005 - DATE AND TIME OF LATEST TRANSACTION
control field 20171220122033.0
008 - FIXED-LENGTH DATA ELEMENTS--GENERAL INFORMATION
fixed length control field 950227s1995 nyua b 001 0 eng
020 ## - INTERNATIONAL STANDARD BOOK NUMBER
International Standard Book Number 0070266913 (acidfree paper)
035 ## - SYSTEM CONTROL NUMBER
system control number (BD-JhCC)5718
040 ## - CATALOGING SOURCE
Original cataloging agency DLC
Transcribing agency DLC
Modifying agency DLC
-- BD-JhCC
041 ## - LANGUAGE CODE
Language code of Book eng
050 00 - LIBRARY OF CONGRESS CALL NUMBER
Classification number TK7874
Item number .H912 1995
082 00 - DEWEY DECIMAL CLASSIFICATION NUMBER
Classification number 621.381
DDC Edition number 20
Author mark and Year HYB 1995
245 00 - TITLE STATEMENT
Title Hybrid microelectronics handbook /
Statement of responsibility, etc [edited by] Jerry E. Sergent, Charles A. Harper.
250 ## - EDITION STATEMENT
Edition statement 2nd ed.
260 ## - PUBLICATION, DISTRIBUTION, ETC. (IMPRINT)
Place of publication, distribution, etc New York :
Name of publisher, distributor, etc McGraw-Hill,
Date of publication, distribution, etc c1995.
300 ## - PHYSICAL DESCRIPTION
Pagination 1 v. (various pagings) :
Other physical details ill. ;
Dimensions 25 cm.
440 #0 -
Title Electronic packaging and interconnection series
500 ## - GENERAL NOTE
General note 2nd ed. of Handbook of thick film hybrid microelectronics / Charles A. Harper.
500 ## - GENERAL NOTE
General note "International Society for Hybrid Microelectronics"--Cover.
504 ## - BIBLIOGRAPHY, ETC. NOTE
Bibliography, etc Includes bibiographical references and index.
650 #0 - SUBJECT ADDED ENTRY--TOPICAL TERM
Topical term or geographic name as entry element Microelectronics
General subdivision Handbooks, manuals, etc.
650 #0 - SUBJECT ADDED ENTRY--TOPICAL TERM
Topical term or geographic name as entry element Hybrid integrated circuits
General subdivision Design and construction
-- Handbooks, manuals, etc.
700 1# - ADDED ENTRY--PERSONAL NAME
Personal name Sergent, Jerry E.
700 1# - ADDED ENTRY--PERSONAL NAME
Personal name Harper, Charles A.
700 1# - ADDED ENTRY--PERSONAL NAME
Personal name Harper, Charles A.
Title of a work Handbook of thick film hybrid microelectronics.
710 2# - ADDED ENTRY--CORPORATE NAME
Corporate name or jurisdiction name as entry element International Society for Hybrid Microelectronics.
856 41 - ELECTRONIC LOCATION AND ACCESS
Materials specified Table of contents
Uniform Resource Identifier http://www.loc.gov/catdir/toc/mh022/95010061.html
942 ## - ADDED ENTRY ELEMENTS (KOHA)
Source of classification or shelving scheme Dewey Decimal Classification
Koha item type Books
Holdings
Source of classification or shelving scheme Damaged status Not for loan Home library Current library Shelving location Date of accession Total Checkouts Full call number Barcode Date last seen Copy number Koha item type
Dewey Decimal Classification     JCC Rouf Library JCC Rouf Library General Stacks 12/20/2017   621.381 HYB 1995 7983 12/20/2017 C - 1 Books

JCC Library | Contacts | JCC Home

Last Update on 23 September 2017
Copyright @ 2017-2020 JCC Rouf Library
Rouf Library, Jhenidah Cadet College (JCC), Bangladesh